Responses for Show #2291 - Monday, July 18, 1994

1994 Seniors Tournament semifinal game 1.

Contestants

[<< previous game]

Carol Terry, a bookkeeper from Charlottesville, Virginia

Bart Thomas, a marine art dealer from Bridgewater, New Jersey

Alec MacKenzie, a producer and publisher from Chappaqua, New York

[next game >>]

Jeopardy! Round responses

COUNTRIES OF THE WORLD
GAMES
FADS & FASHIONS
FIRE
PLANTS
BOOKS & AUTHORS
    $100 6
Canada

Alec
    $100 11
Monopoly

Bart
    $100 15
zoot suits

Bart
    $100 21
Yellowstone

Bart
    $100 26
cork

Alec
    $100 1
the Crown

Alec
    $200 7
France

Carol
    $200 12
the bishop

Alec
    $200 17
Carmen Miranda

Alec
    $200 22
Jamestown

Triple Stumper
    $200 27
squash

Carol
    $200 2
The Man with the Golden Gun

Alec
    $300 8
Panama

Bart
    $300 13
Colonel Mustard

Carol
    $300 18
bobbed it

Alec
    $300 23
Madame Tussauds

Alec
    $300 28
kelp

Bart
    $300 3
Rosemary's Baby

Alec
    $400 9
(Alec: What is...)
(Bart: What is Estonia?)
(Carol: What is Bohemia?)

Albania

AlecBartCarol
Triple Stumper
    $400 14
(Alex: What's horseshoes?)

darts

Alec
Triple Stumper
    $1,000 19
(Alex: Alec?)
(Alec: And I know it; I can't bring it up.)
(Alex: What is [*], mon.)
(Alec: Thank you very much.)
(Alex: You're welcome.)
(Alec: Come, mister tally man.)
(Alex: Tally me bananas, yes.)
[Laughter]

calypso

Alec
    $400 24
a library

Bart
    $400 29
clover

Alec
    $400 4
Charles Dickens

Alec
    $500 10
(Carol: What is Egypt?)

the Sudan

BartCarol
    $500 16
bridge

Bart
    $500 20
Bermuda shorts

Alec
    $500 25
Kuwait

Bart
    $500 30
hops

Alec
    $500 5
Norman Vincent Peale

Bart

Scores at the first commercial break (after clue 15):

Alec Bart Carol
$500 $1,100 -$400

Scores at the end of the Jeopardy! Round:

Alec Bart Carol
$1,800 $2,900 -$200

Double Jeopardy! Round responses

FLORIDA
FAMOUS LIBRAS
TREATIES
THE EARTH
SHAKESPEARE
8-LETTER WORDS
    $200 2
the Everglades

Carol
    $200 13
Jerry Lee Lewis

Carol
    $200 12
Roman Catholicism

Bart
    $200 7
the Moon

Alec
    $200 21
Romeo and Juliet

Alec
    $200 1
(Carol: What is the Orient?)

Oriental

BartCarol
    $400 3
Miami

Bart
    $400 14
Brigitte Bardot

Carol
    $400 17
the Treaty of Versailles

Alec
    $400 8
the poles

Alec
    $400 22
The Merchant of Venice

Carol
    $400 26
scramble

Carol
    $600 4
Roxanne Pulitzer

Triple Stumper
    $600 15
Jenny Lind

Bart
    $600 18
(Bart: What is Strategic Arms Reduction Talk?)

Strategic Arms Reduction Treaty

Bart
Triple Stumper
    $600 9
a continent

Bart
    $600 23
Falstaff

Alec
    $600 27
roulette

Alec
    $800 5
St. Augustine

Bart
    $800 16
Admiral Nelson

Carol
    $3,000 19
the Dardanelles & the Bosporus

Alec
    $800 10
nickel

Triple Stumper
    $2,000 24
(Alex: [Prior to the wager] We have less than a minute to go, Alec.)

Wolsey

Alec
    $800 28
tungsten

Bart
    $1000 6
mermaids

Bart
    $1000 30
George Gershwin

Alec
    $1000 20
(Alec: What's the Russo-Japanese War?)

the Sino-Japanese War

AlecBart
    $1000 11
metamorphic

Alec
    $1000 25
the Forest of Arden

Alec
    $1000 29
a plectrum

Alec

Scores at the end of the Double Jeopardy! Round:

Alec Bart Carol
$12,200 $7,900 $2,000

[wagering suggestions for these scores]

Final Jeopardy! Round responses

STAGE STARS
CarolWho was Gypsy Rose Lee
$1,000
BartWho was Gypsy Rose Lee
$7,900
AlecWho was Mae W
$3,601
Gypsy Rose Lee

Final scores:

Alec Bart Carol
$8,599 $15,800 $3,000
2nd place: $5,000 Finalist 3rd place: $5,000

Game dynamics:

Coryat scores:

Alec Bart Carol
$9,800 $7,900 $2,000
25 R
(including 2 DDs),
4 W
(including 1 DD)
19 R,
2 W
9 R,
3 W

Combined Coryat: $19,700

[game clues] [game scores] [suggest correction]

Game tape date: 1994-03-08
The J! Archive is created by fans, for fans. Scraping, republication, monetization, and malicious use prohibited; this site may use cookies and collect identifying information. See terms. The Jeopardy! game show and all elements thereof, including but not limited to copyright and trademark thereto, are the property of Jeopardy Productions, Inc. and are protected under law. This website is not affiliated with, sponsored by, or operated by Jeopardy Productions, Inc. Join the discussion at JBoard.tv.